| 000 | 00410nam a2200157Ia 4500 | ||
|---|---|---|---|
| 008 | 230718s9999 xx 000 0 und d | ||
| 041 | _aeng | ||
| 082 |
_a658 _bCON |
||
| 100 |
_aConfeild J _9128471 |
||
| 245 | _aChicken Soup For The Unsinkable Soul | ||
| 260 |
_c2001 _bWestland Books |
||
| 300 | _a370 | ||
| 365 |
_cRs. _b195.00 |
||
| 700 |
_aConfeild J _9128471 |
||
| 906 |
_dB:173109-Nov-2001 _cMGMT _b29.25 |
||
| 999 |
_c302204 _d302204 |
||